• 首页
  • 本馆介绍
  • 公告通知
  • 最新文献
  • 馆藏检索
  • 电子资源
  • 读者导购
  • 参考咨询
  • 我的图书馆
  • 登录
  • 详细信息显示
  • 放入我的书架
  • 预约/预借图书
  • 作者相关作品
  • 分类相关作品
  • 丛书相关作品
  • 出版社相关作品

书目信息

  • 表格格式
  • 工作单格式
  • 卡片格式
题名:
实用播音教程
    
 
作者: 付程 总主编 ;吴弘毅 主编
分册: 第1册   普通话语音和播音发声
出版信息: 北京   北京广播学院出版社  2002
页数: 472页
开本: 26cm
丛书名:
单 册:
中图分类: G222.2
科图分类:
主题词: 播音--高等学校--教材 , 普通话--语音--高等学校--教材 , 普通话--播音--发声法--高等学校--教材 , 播音 , 普通话 , 语音 , 发声法
电子资源:
ISBN: 978-7-81004-987-0
000 01503nam0 2200361 45
001 1130736437
005 20110310092422.73
010    @a978-7-81004-987-0@dCNY48.00
100    @a20110122e20102002em y0chiy0110 ea
101 0  @achi
102    @aCN@b110000
105    @ay z 000yy
106    @ar
200 1  @a实用播音教程@AShi Yong Bo Yin Jiao Cheng@h第1册@HDi 1 Ce@i普通话语音和播音发声@IPu Tong Hua Yu Yin He Bo Yin Fa Sheng@f付程总主编@FFu Cheng Zong Zhu Bian@g吴弘毅主编
210    @a北京@c北京广播学院出版社@d2002@h2010
215    @a472页@d26cm
300    @a北京广播学院播音主持艺术学院播音与主持艺术专业本科教材
314    @a付程,北京广播学院播音主持艺术学院副院长、教授,播音系主任等,著有《播音创作观念论》等。
314    @a吴弘毅,北京广播学院播音主持艺术学院播音系播音发声教研室主任、副教授、硕士生导师,主编《实用播音教程,第1册.普通话语音和播音发声》。
330    @a本册主要为普通话语音和播音发声的练声材料,内容包括普通话语音概说,声母,韵母,声调,普通话音节结构与声韵拼合关系,播音发声概说,呼吸控制等。
517 1  @a普通话语音和播音发声@APu Tong Hua Yu Yin He Bo Yin Fa Sheng
606 0  @a播音@x高等学校@j教材
606 0  @a普通话@x语音@x高等学校@j教材
606 0  @a普通话@x播音@x发声法@x高等学校@j教材
606 0  @a播音
606 0  @a普通话
606 0  @a语音
606 0  @a发声法
690    @aG222.2@v4
701  0 @a付程@AFu Cheng@4总主编
702  0 @a吴弘毅@AWu Hong Yi@4主编
801  0 @aCN@bTANGWEI@c20110310
905    @b0531889-93@dG222.2@e123:1@f5
    
    实用播音教程.第1册.普通话语音和播音发声/付程总主编/吴弘毅主编.-北京:北京广播学院出版社,2002(2010)
    472页;26cm
    北京广播学院播音主持艺术学院播音与主持艺术专业本科教材
    
    ISBN 978-7-81004-987-0:CNY48.00
    本册主要为普通话语音和播音发声的练声材料,内容包括普通话语音概说,声母,韵母,声调,普通话音节结构与声韵拼合关系,播音发声概说,呼吸控制等。
●
相关链接 在E读中查询图书 在五车中查询图书 在当当中查询图书 在豆瓣中查询图书


正题名:实用播音教程     索取号:G222.2/123:1         预约/预借

序号 登录号 条形码 馆藏地/架位号 状态 备注
1 0531889   205318896   第一样本阅览室/ [索取号:G222.2/123:1] 在馆    
2 0531890   205318903   密集书库-文学院/ [索取号:G222.2/123:1] 在馆    
3 0531891   205318912   第四借阅区/ [索取号:G222.2/123:1] 在馆    
4 0531892   205318921   第四借阅区/ [索取号:G222.2/123:1] 在馆    
5 0531893   205318930   第四借阅区/ [索取号:G222.2/123:1] 在馆    
唐山师范学院图书馆 欢迎您!
大连网信软件有限公司© 版权所有